000
00242 a2200097 4500
000
nam a22 7a 4500
020
_a
9780241471227
100
_a
Kindersley, Dorling
245
_a
Simply quantum physics
260
_b
Penguin Random House,
_c
2021.
999
_c
85455
_d
85455